| 000 | 00929nam a22002777a 4500 | ||
|---|---|---|---|
| 003 | CHAP | ||
| 005 | 20220329140409.0 | ||
| 008 | 971013s1980 r 00010 d | ||
| 010 | _a51405 | ||
| 011 | _a52377 | ||
| 035 | _a56527 | ||
| 040 | _cCHAP | ||
| 090 | _aTesis | ||
| 100 | 0 | 0 |
_aRojas Herrera, Dora Bertha. _999320 |
| 245 | _aIdentificación de enfermedades en el cultivo de soya (Glycine max, Merril.) en el noreste de México | ||
| 260 |
_aMonterrey, N. L. : _bEl autor, _c1980 |
||
| 300 |
_a67 h. _b; gráfs. ; mapa |
||
| 502 | _aTesis (Ing. Agr. Esp. en Parasitología) -- ITESM. División de Ciencias Agropecuarias y Marítimas | ||
| 590 |
_aALEPH _b10 _c20130110 _lUCH01 _h1327 |
||
| 590 |
_aBATCH-UPD _b10 _c20130110 _lUCH01 _h2225 |
||
| 590 |
_aCONVERSION _b10 _c20130109 _lUCH01 _h1328 |
||
| 650 | 1 | 4 |
_aSoya _xEnfermedades. _9109044 |
| 901 | _aBK | ||
| 942 | _cTESIS | ||
| 949 |
_bBC _cTES _d-123454 _eTS1 _i56527 _si |
||
| 999 |
_c51405 _d51405 |
||